Encyclopedia of computer science and engineering /

Guardado en:
Otros Autores: Ralston, Anthony, (Editor , ed.), Reilly, Edwin D. (Editor )
Formato: Libro
Idioma:English
Publicado: New York : Van Nostrand Reinhold Co., c1983.
Edición:2nd ed.
Materias:
Etiquetas: Agregar Etiqueta
Sin Etiquetas, Sea el primero en etiquetar este registro!
LEADER 01023cam a22002655a 4500
001 EIQ.libpla001638
008 820303s1983####nyua#####be###001#0#eng#d
005 20071003183533.0
245 0 0 |a Encyclopedia of computer science and engineering /  |c Anthony Ralston, editor ; Edwin D. Reilly, Jr., associate editor. 
250 |a 2nd ed. 
260 |a New York :  |b Van Nostrand Reinhold Co.,  |c c1983. 
300 |a xxix, 1664 p. :  |b il. ;  |c 25 cm. 
500 |a Rev. ed. of: Encyclopedia of computer science. 1st ed. c1976. 
504 |a Incluye referencias bibliográficas e índice. 
020 |a 0442244967 
700 1 |a Ralston, Anthony,  |e ed.  |4 edt 
700 1 |a Reilly, Edwin D.  |4 edt 
082 0 0 |a 004/.03/21  |2 19 
650 4 |a Informática  |x Enciclopedias. 
650 4 |a Ciencias de la información  |x Enciclopedias. 
650 0 |a Computer science  |x Encyclopedias. 
650 0 |a Information science  |x Encyclopedias. 
010 |a  82002700  
040 |a DLC  |c DLC  |d AR-BbSID 
859 |a AR-BbSID  |b BIB. PLAPIQUI  |h 001.640 3  |i En 18  |k R  |p 2272